Scottish cup winners - Statistics

General Stats
  • This quiz has been taken 36 times
  • The average score is 14 of 23
Answer Stats
Hint Answer % Correct
36 times Celtic
100%
33 times Rangers
100%
7 times Aberdeen
97%
8 times Hearts
94%
2 times Dundee united
88%
3 times Hibernian
79%
1 time Inverness
79%
2 times Motherwell
76%
3 times Kilmarnock
74%
1 time St johnstone
68%
3 times St mirren
68%
10 times Queens park
62%
2 times Dunfermline
56%
1 time Dumbarton
47%
3 times Clyde
44%
1 time Partick thistle
44%
2 times Third lanark
44%
3 times Vale of leven
38%
1 time Greenock morton
35%
2 times Renton
32%
1 time Dundee fc
29%
1 time St bernards
15%
1 time Airdrieonians (1878)
0%
No matching quizzes found
Score Distribution
Percent of People with Each Score
Percentile by Number Answered
Your Score History
You have not taken this quiz